00663nam a2200157Ia 4500008004100000100002300041245010000064245010000164260005300264260000900317300001100326650001500337856006100352999001900413952007300432170221s9999 xx 000 0 und d aDmitry V. Shkurkin aBasic Characteristics of an Intensive Type of the Reproduction Process in the Regional Economy  cDmitry V. Shkurkin, Sergey S. Shestopal, Lira K. Gurieva, Viktor A. Blaginin, Pavel A. Gurianov bInternational Review of Management and Marketing c2016 a6 : 1S xMarketing. uhttp://www.econjournals.com/index.php/irmm/issue/view/70 c308128d308128 001040aCLbCLd2017-02-21l0r2017-02-21 00:00:00w2017-02-21yFOJ